[Event "IRQ-ch"]
[Site "Baghdad"]
[Date "2018.06.27"]
[Round "1"]
[White "Ahmed, Jaza Jamal"]
[Black "Obada, Ahmad Azeezjawad"]
[Result "0-1"]
[WhiteElo "2066"]
[BlackElo "2388"]
[PlyCount "68"]
[EventDate "2018.06.27"]
[EventType "swiss"]
[EventRounds "11"]
[EventCountry "IRQ"]
[SourceTitle "EXT 2019"]
[Source "ChessBase"]
[SourceDate "2018.10.10"]
[SourceVersion "1"]
[SourceVersionDate "2018.10.10"]
[SourceQuality "1"]

1. e4 c5 2. Nf3 d6 3. d4 cxd4 4. Nxd4 Nf6 5. Nc3 a6 6. Bc4 e6 7. Bb3 Be7 8. Be3 Nc6 9. 0-0 0-0 10. f4 Na5 11. Qf3 Nxb3 12. axb3 Qc7 13. Qg3 Kh8 14. b4 Bd7 15. e5 dxe5 16. fxe5 Nh5 17. Qf2 Qxe5 18. g4 Bg5 19. Rae1 Bxe3 20. Qxe3 Qxe3+ 21. Rxe3 Nf6 22. g5 Nh5 23. Ne4 e5 24. Nf5 Nf4 25. Nfd6 Bc6 26. h4 f6 27. c4 h6 28. Kh2 Rad8 29. Rd1 Kh7 30. Nc5 hxg5 31. hxg5 Kg6 32. gxf6 Rh8+ 33. Kg3 Rh3+ 34. Kf2 Rh2+ 0-1

[Event "IRQ Clubs-chT"]
[Site "Baghdad"]
[Date "2017.08.16"]
[Round "1.4"]
[White "Heatham, Ali Namoss"]
[Black "Obada, Ahmad Azeezjawad"]
[Result "0-1"]
[WhiteElo "1916"]
[BlackElo "2398"]
[PlyCount "72"]
[EventDate "2017.08.16"]
[EventType "team-swiss"]
[EventRounds "7"]
[EventCountry "IRQ"]
[SourceTitle "CBM 180 Extra"]
[Source "ChessBase"]
[SourceDate "2017.10.06"]
[SourceVersion "1"]
[SourceVersionDate "2017.10.06"]
[SourceQuality "1"]
[WhiteTeam "Naomanya"]
[BlackTeam "Etisalat"]
[WhiteTeamCountry "IRQ"]
[BlackTeamCountry "IRQ"]

1. Nf3 Nf6 2. d4 g6 3. Nc3 d5 4. Bf4 Bg7 5. e3 0-0 6. Be2 b6 7. Qd2 Bb7 8. 0-0 c5 9. Rad1 Nbd7 10. h3 Rc8 11. Ne5 c4 12. Bf3 a6 13. a3 b5 14. Rfe1 Ne4 15. Bxe4 dxe4 16. Nxd7 Qxd7 17. Ne2 Rfd8 18. c3 f5 19. Bh2 g5 20. Ng3 Rc6 21. Nh5 Bh8 22. Qe2 Rh6 23. Be5 Bxe5 24. dxe5 Bd5 25. g4 Qe6 26. gxf5 Qxf5 27. Qg4 Qxe5 28. f4 exf3 29. e4 Rf8 30. Rxd5 f2+ 31. Kf1 fxe1Q+ 32. Kxe1 Qh2 33. Rxg5+ Kh8 34. Rf5 Rg8 35. Qe2 Qxh3 36. Nf4 Qh1+ 0-1

[Event "Arab Games"]
[Site "Doha"]
[Date "2011.12.14"]
[Round "2"]
[White "Obada, Ahmad Azeezjawad"]
[Black "Al Qudaimi, Basheer"]
[Result "1-0"]
[WhiteElo "2353"]
[BlackElo "2398"]
[PlyCount "61"]
[EventDate "2011.12.13"]
[EventType "team-swiss"]
[EventRounds "9"]
[EventCountry "QAT"]
[SourceTitle "CBM 145 Extra"]
[Source "ChessBase"]
[SourceDate "2012.01.03"]
[SourceVersion "1"]
[SourceVersionDate "2012.01.03"]
[SourceQuality "1"]
[WhiteTeam "Iraq"]
[BlackTeam "Yemen"]
[WhiteTeamCountry "IRQ"]
[BlackTeamCountry "YEM"]

1. e4 e5 2. Nf3 Nc6 3. Bb5 a6 4. Ba4 Nf6 5. 0-0 Be7 6. Re1 b5 7. Bb3 d6 8. a4 Na5 9. Ba2 b4 10. c3 c5 11. d4 exd4 12. cxb4 Nc6 13. e5 dxe5 14. Nxe5 Nxe5 15. Rxe5 cxb4 16. Bg5 0-0 17. Nd2 h6 18. Bh4 Bd6 19. Rd5 Bb7 20. Ne4 Nxe4 21. Bxd8 Raxd8 22. Rxd4 Kh8 23. Rc1 Be7 24. Rc7 Rxd4 25. Qxd4 Bf6 26. Qxb4 Rd8 27. Bb3 Ba8 28. Rxf7 Nd6 29. Ra7 Nf5 30. Kf1 Be4 31. Qxe4 1-0

[Event "Arab Games"]
[Site "Doha"]
[Date "2011.12.13"]
[Round "1"]
[White "Amin, Bassem"]
[Black "Obada, Ahmad Azeezjawad"]
[Result "1-0"]
[WhiteElo "2590"]
[BlackElo "2353"]
[PlyCount "111"]
[EventDate "2011.12.13"]
[EventType "team-swiss"]
[EventRounds "9"]
[EventCountry "QAT"]
[SourceTitle "CBM 145 Extra"]
[Source "ChessBase"]
[SourceDate "2012.01.03"]
[SourceVersion "1"]
[SourceVersionDate "2012.01.03"]
[SourceQuality "1"]
[WhiteTeam "Egypt"]
[BlackTeam "Iraq"]
[WhiteTeamCountry "EGY"]
[BlackTeamCountry "IRQ"]

1. e4 c5 2. Nf3 Nc6 3. Bb5 d6 4. 0-0 e5 5. c3 a6 6. Bxc6+ bxc6 7. d4 cxd4 8. cxd4 exd4 9. Nxd4 c5 10. Ne2 Nf6 11. Nbc3 Be7 12. Bf4 0-0 13. Qd3 Qb6 14. Rfd1 Rd8 15. Rd2 Bb7 16. Ng3 d5 17. Nf5 Bf8 18. e5 Ne4 19. Nxe4 dxe4 20. Qg3 Rxd2 21. Bxd2 Qe6 22. Nd6 Bd5 23. Ba5 f6 24. Re1 Qxe5 25. Qxe5 fxe5 26. Nxe4 Bxa2 27. Rd1 Be6 28. Bc7 Re8 29. f3 Bf5 30. Kf2 Bxe4 31. fxe4 Kf7 32. Rd5 g6 33. Ke3 Rc8 34. Bxe5 Bg7 35. Rd7+ Ke6 36. Rxg7 Kxe5 37. Rxh7 Rb8 38. Re7+ Kf6 39. Rc7 Rxb2 40. Rc6+ Kf7 41. Kf3 Rb3+ 42. Kf4 Rb2 43. g4 Rxh2 44. Rxc5 Rf2+ 45. Kg5 Re2 46. Rc7+ Ke8 47. Kxg6 Rxe4 48. g5 a5 49. Kf6 a4 50. Ra7 Rf4+ 51. Kg7 Rd4 52. Ra8+ Ke7 53. g6 Kd7 54. Kf6 Kc6 55. g7 Rg4 56. Ra5 1-0

[Event "Arab Games rapid"]
[Site "Doha"]
[Date "2011.12.12"]
[Round "6"]
[White "Obada, Ahmad Azeezjawad"]
[Black "Khader, Sami"]
[Result "0-1"]
[WhiteElo "2353"]
[BlackElo "2404"]
[PlyCount "68"]
[EventDate "2011.12.11"]
[EventType "swiss (rapid)"]
[EventRounds "9"]
[EventCountry "QAT"]
[SourceTitle "CBM 145 Extra"]
[Source "ChessBase"]
[SourceDate "2012.01.03"]
[SourceVersion "1"]
[SourceVersionDate "2012.01.03"]
[SourceQuality "1"]

1. e4 e6 2. d4 d5 3. Nc3 Bb4 4. e5 c5 5. a3 Bxc3+ 6. bxc3 Nc6 7. Nf3 Bd7 8. Be2 f6 9. exf6 Nxf6 10. 0-0 0-0 11. c4 cxd4 12. Nxd4 e5 13. Nxc6 bxc6 14. cxd5 cxd5 15. c4 d4 16. Bg5 Qc7 17. f4 Ne4 18. Bf3 Nc3 19. Qd2 Bc6 20. fxe5 Bxf3 21. gxf3 Qxc4 22. Rae1 Rae8 23. f4 h6 24. Bh4 d3 25. Bg3 Ne2+ 26. Kg2 Qc6+ 27. Kh3 Qe6+ 28. Kg2 Qc6+ 29. Kh3 Rd8 30. Rxe2 dxe2 31. Qxe2 Qe6+ 32. Qg4 Rf5 33. Rf3 h5 34. Qh4 Rxf4+ 0-1

[Event "Arab Games rapid"]
[Site "Doha"]
[Date "2011.12.11"]
[Round "5"]
[White "Njili, Kamel"]
[Black "Obada, Ahmad Azeezjawad"]
[Result "1-0"]
[WhiteElo "2344"]
[BlackElo "2353"]
[PlyCount "123"]
[EventDate "2011.12.11"]
[EventType "swiss (rapid)"]
[EventRounds "9"]
[EventCountry "QAT"]
[SourceTitle "CBM 145 Extra"]
[Source "ChessBase"]
[SourceDate "2012.01.03"]
[SourceVersion "1"]
[SourceVersionDate "2012.01.03"]
[SourceQuality "1"]

1. e4 c5 2. Nf3 d6 3. d4 cxd4 4. Nxd4 Nf6 5. Nc3 a6 6. Bc4 e6 7. Bb3 b5 8. Qf3 Qb6 9. Be3 Qb7 10. 0-0-0 b4 11. Na4 Nbd7 12. Rhe1 Be7 13. Qg3 0-0 14. Bd5 Nxd5 15. exd5 Qxd5 16. Bh6 g6 17. Nxe6 Qxa2 18. Nxf8 Bxf8 19. Bxf8 Nxf8 20. Qb3 Qxb3 21. cxb3 Be6 22. Re3 Rc8+ 23. Kd2 Nd7 24. Rc1 Nc5 25. Nxc5 dxc5 26. Re5 Bxb3 27. Rexc5 Rd8+ 28. Ke2 Ba4 29. Rc8 Rxc8 30. Rxc8+ Kg7 31. Ke3 Bb5 32. Rc1 Kf6 33. Kd4 Kf5 34. Re1 f6 35. f3 h5 36. Kc5 b3 37. Re3 h4 38. g3 h3 39. Rxb3 g5 40. Kd4 Ke6 41. Re3+ Kf5 42. Rc3 Ke6 43. Rc5 Be2 44. f4 g4 45. f5+ Kd6 46. b4 Bf3 47. Ke3 Bc6 48. Ra5 Bb5 49. Kf4 Kd5 50. Kxg4 Kc4 51. Kxh3 Kxb4 52. Ra1 a5 53. g4 a4 54. g5 fxg5 55. Kg4 a3 56. Kxg5 Kb3 57. h4 Kb2 58. Rxa3 Kxa3 59. h5 Bc4 60. h6 Bg8 61. Kg6 Kb4 62. Kg7 1-0

[Event "Arab Games rapid"]
[Site "Doha"]
[Date "2011.12.11"]
[Round "2"]
[White "Obada, Ahmad Azeezjawad"]
[Black "Al Sayed, Mohammed"]
[Result "0-1"]
[WhiteElo "2353"]
[BlackElo "2514"]
[PlyCount "72"]
[EventDate "2011.12.11"]
[EventType "swiss (rapid)"]
[EventRounds "9"]
[EventCountry "QAT"]
[SourceTitle "CBM 145 Extra"]
[Source "ChessBase"]
[SourceDate "2012.01.03"]
[SourceVersion "1"]
[SourceVersionDate "2012.01.03"]
[SourceQuality "1"]

1. e4 c5 2. Nf3 d6 3. d4 cxd4 4. Nxd4 Nf6 5. Nc3 a6 6. Be3 Nbd7 7. f3 e6 8. Bc4 Qc7 9. Bb3 Nc5 10. a4 Be7 11. Ba2 0-0 12. Qd2 b6 13. 0-0 Bb7 14. Rfd1 Rac8 15. Qf2 Rfd8 16. g4 g6 17. h4 d5 18. g5 Nh5 19. exd5 exd5 20. Nde2 Qe5 21. Bd4 Qf5 22. Ng3 Nxg3 23. Qxg3 Ne6 24. Bxb6 Bd6 25. Qg4 Qxc2 26. Qg2 Qf5 27. Bxd5 Nf4 28. Qg4 Qxg4+ 29. fxg4 Nxd5 30. Rxd5 Bxd5 31. Nxd5 Bc5+ 32. Bxc5 Rxd5 33. Be7 Rd4 34. b4 Rxg4+ 35. Kf2 Re4 36. Re1 Rxe1 0-1

[Event "Asia Cities-ch 17th"]
[Site "Jakarta"]
[Date "2011.04.25"]
[Round "5.6"]
[White "Obada, Ahmad Azeezjawad"]
[Black "Ghader Pour, Shayesteh"]
[Result "1/2-1/2"]
[WhiteElo "2348"]
[BlackElo "2241"]
[PlyCount "108"]
[EventDate "2011.04.22"]
[EventType "team-swiss"]
[EventRounds "9"]
[EventCountry "INA"]
[SourceTitle "CBM 142 Extra"]
[Source "ChessBase"]
[SourceDate "2011.06.27"]
[SourceVersion "1"]
[SourceVersionDate "2011.06.27"]
[SourceQuality "1"]
[WhiteTeam "Baghdad"]
[BlackTeam "Mashhad"]
[WhiteTeamCountry "IRQ"]
[BlackTeamCountry "IRI"]

1. e4 c5 2. Nf3 e6 3. d4 cxd4 4. Nxd4 a6 5. c4 Nf6 6. Nc3 Bb4 7. Nc2 Bxc3+ 8. bxc3 Nxe4 9. Qg4 f5 10. Qxg7 Qf6 11. Qxf6 Nxf6 12. Ba3 d5 13. cxd5 Nxd5 14. c4 Nf6 15. g3 Bd7 16. Bg2 Nc6 17. 0-0 Kf7 18. Rab1 Na5 19. Ne3 Bc6 20. Bxc6 bxc6 21. Bb4 Nb7 22. Bc3 Nc5 23. Rb6 Rhc8 24. Rd1 Nfd7 25. Rb7 Ke8 26. Rbb1 Rab8 27. Rxb8 Rxb8 28. f3 Ke7 29. Kf2 Na4 30. Ba1 c5 31. f4 Rb4 32. Re1 Kf7 33. g4 fxg4 34. f5 exf5 35. Nxf5 Nf6 36. Nd6+ Kg6 37. Re6 Nb2 38. Ke3 Kg5 39. Re5+ Kg6 40. Rxc5 h5 41. Rc6 Kg5 42. Kd2 h4 43. Kc3 Rb8 44. Bxb2 g3 45. hxg3 h3 46. Bc1+ Kg4 47. Nf7 h2 48. Rxf6 h1Q 49. Ne5+ Kxg3 50. Rg6+ Kf2 51. Nd3+ Ke2 52. Re6+ Kf3 53. Rf6+ Kg2 54. Rg6+ Kf3 1/2-1/2

[Event "Arab Clubs-chT 12th"]
[Site "Aden"]
[Date "2010.12.13"]
[Round "2"]
[White "Obada, Ahmad Azeezjawad"]
[Black "Al Saffar, Araz Basim Mohammed"]
[Result "1/2-1/2"]
[WhiteElo "2368"]
[BlackElo "2349"]
[PlyCount "30"]
[EventDate "2010.12.12"]
[EventType "team"]
[EventRounds "9"]
[EventCountry "YEM"]
[SourceTitle "EXT 2013"]
[Source "ChessBase"]
[SourceDate "2012.11.22"]
[SourceVersion "1"]
[SourceVersionDate "2012.11.22"]
[SourceQuality "1"]

1. e4 e5 2. Nf3 Nf6 3. d4 Nxe4 4. dxe5 Bc5 5. Qd5 Bxf2+ 6. Kd1 f5 7. Bc4 Qe7 8. Nc3 c6 9. Qd3 b5 10. Bb3 a5 11. a4 b4 12. Nxe4 fxe4 13. Qxe4 d5 14. Qe2 Bb6 15. Bg5 Qf7 1/2-1/2

[Event "IRQ-ch"]
[Site "Baghdad"]
[Date "2010.03.17"]
[Round "9"]
[White "Noah, AH Al Ali"]
[Black "Obada, Ahmad Azeezjawad"]
[Result "1/2-1/2"]
[WhiteElo "2377"]
[BlackElo "2345"]
[PlyCount "62"]
[EventDate "2010.03.11"]
[EventType "tourn"]
[EventRounds "11"]
[EventCountry "IRQ"]
[EventCategory "1"]
[SourceTitle "CBM 135 Extra"]
[Source "ChessBase"]
[SourceDate "2010.05.04"]
[SourceVersion "1"]
[SourceVersionDate "2010.05.04"]
[SourceQuality "1"]

1. d4 Nf6 2. c4 c5 3. d5 e6 4. Nc3 exd5 5. cxd5 d6 6. e4 g6 7. Nf3 Bg7 8. Be2 0-0 9. 0-0 Re8 10. Nd2 Na6 11. f3 Nc7 12. a4 b6 13. Nc4 Ba6 14. Bg5 Qd7 15. b3 Ng4 16. Qd2 Bd4+ 17. Kh1 Nf2+ 18. Rxf2 Bxf2 19. Bf6 Bd4 20. e5 Rxe5 21. Nxe5 Bxe5 22. Bxe5 dxe5 23. Bxa6 Nxa6 24. Qe2 Nb4 25. Qxe5 Re8 26. Qg5 Qe7 27. Qxe7 Rxe7 28. Rd1 f5 29. Kg1 Kf7 30. Kf2 Kf6 31. f4 Rd7 1/2-1/2

[Event "IRQ-ch"]
[Site "Baghdad"]
[Date "2010.03.13"]
[Round "4"]
[White "Obada, Ahmad Azeezjawad"]
[Black "Salih, Akar Ali Salih"]
[Result "1-0"]
[WhiteElo "2345"]
[BlackElo "2095"]
[PlyCount "69"]
[EventDate "2010.03.11"]
[EventType "tourn"]
[EventRounds "11"]
[EventCountry "IRQ"]
[EventCategory "1"]
[SourceTitle "CBM 135 Extra"]
[Source "ChessBase"]
[SourceDate "2010.05.04"]
[SourceVersion "1"]
[SourceVersionDate "2010.05.04"]
[SourceQuality "1"]

1. e4 e5 2. Nf3 Nf6 3. Nxe5 d6 4. Nf3 Nxe4 5. Bd3 Nf6 6. 0-0 Be7 7. b3 0-0 8. c4 Nc6 9. Bb2 Bg4 10. Be2 d5 11. d4 Ne4 12. Ne5 Bxe2 13. Qxe2 Nxe5 14. dxe5 Bc5 15. b4 Bxb4 16. cxd5 Qxd5 17. Rd1 Qc6 18. Rd4 Rad8 19. Rxb4 Nxf2 20. Qc4 Nh3+ 21. Kf1 Rd1+ 22. Ke2 Qxg2+ 23. Kxd1 Rd8+ 24. Bd4 Nf4 25. Nd2 c5 26. Qxc5 Qe2+ 27. Kc2 Qd3+ 28. Kb2 Qxd2+ 29. Ka3 h6 30. Bc3 Rd3 31. Rb3 Qxh2 32. Qc8+ Kh7 33. Qf5+ Kg8 34. Rf1 g5 35. Rxf4 1-0

[Event "Asian Indoor Games 3rd Prelim"]
[Site "Ha Long City"]
[Date "2009.11.05"]
[Round "1"]
[White "Obada, Ahmad Azeezjawad"]
[Black "Nguyen, Anh Dung"]
[Result "1/2-1/2"]
[WhiteElo "2393"]
[BlackElo "2447"]
[PlyCount "82"]
[EventDate "2009.11.05"]
[EventType "team (rapid)"]
[EventRounds "9"]
[EventCountry "VIE"]
[SourceTitle "CBM 133 Extra"]
[Source "ChessBase"]
[SourceDate "2010.01.05"]
[SourceVersion "1"]
[SourceVersionDate "2010.01.05"]
[SourceQuality "1"]

1. e4 c6 2. d4 d5 3. Nc3 dxe4 4. Nxe4 Bf5 5. Ng3 Bg6 6. h4 h6 7. h5 Bh7 8. Nf3 Nd7 9. Bd3 Bxd3 10. Qxd3 e6 11. Bd2 Ngf6 12. 0-0-0 Qc7 13. Ne4 0-0-0 14. g3 Nxe4 15. Qxe4 Bd6 16. c4 c5 17. Kb1 Nf6 18. Qe2 cxd4 19. Nxd4 Bc5 20. Bf4 Qb6 21. Nb5 Qc6 22. b4 Ne4 23. bxc5 Qxb5+ 24. cxb5 Nc3+ 25. Kc2 Nxe2 26. Bd6 e5 27. Bxe5 f6 28. Bd6 Rhe8 29. Rd2 Re4 30. Rhd1 Rde8 31. Kb3 Rg4 32. a4 a5 33. Ka3 Nc3 34. Rd4 Ree4 35. Rxe4 Rxe4 36. Rd3 Nxa4 37. f3 Rc4 38. c6 Nb6 39. c7 Na8 40. Rd5 Nxc7 41. Bxc7 Kxc7 1/2-1/2

[Event "Asia Cities-ch 16th"]
[Site "Beirut"]
[Date "2009.04.20"]
[Round "7.4"]
[White "Obada, Ahmad Azeezjawad"]
[Black "Eid, Fadi"]
[Result "0-1"]
[WhiteElo "2379"]
[BlackElo "2381"]
[PlyCount "64"]
[EventDate "2009.04.16"]
[EventType "team-swiss"]
[EventRounds "9"]
[EventCountry "LBN"]
[SourceTitle "EXT 2020"]
[Source "ChessBase"]
[SourceDate "2019.10.17"]
[SourceVersion "1"]
[SourceVersionDate "2019.10.17"]
[SourceQuality "1"]
[WhiteTeam "Baghdad"]
[BlackTeam "Furn El Chebbak area"]
[WhiteTeamCountry "IRQ"]
[BlackTeamCountry "LBN"]

1. e4 Nc6 2. Nf3 d6 3. d4 Nf6 4. Nc3 Bg4 5. Be2 e5 6. d5 Ne7 7. h3 Bd7 8. Be3 Ng6 9. Qd2 Be7 10. g4 0-0 11. 0-0-0 c5 12. g5 Nh5 13. Nxe5 Nxe5 14. Bxh5 Nc4 15. Qd3 Nxe3 16. Qxe3 Bxg5 17. f4 Bh6 18. Kb1 Re8 19. Qg3 g6 20. e5 Bg7 21. Rhe1 b5 22. Bg4 b4 23. Bxd7 Qxd7 24. Ne4 dxe5 25. Nxc5 Qc7 26. Qe3 Rec8 27. Nd3 Qxc2+ 28. Ka1 exf4 29. Qxf4 Rc4 30. Qd2 Qxd2 31. Rxd2 Rd4 32. Rdd1 Rd8 0-1

[Event "Asia Cities-ch 16th"]
[Site "Beirut"]
[Date "2009.04.19"]
[Round "5.3"]
[White "Obada, Ahmad Azeezjawad"]
[Black "Thejkumar, MS."]
[Result "0-1"]
[WhiteElo "2379"]
[BlackElo "2420"]
[PlyCount "84"]
[EventDate "2009.04.16"]
[EventType "team-swiss"]
[EventRounds "9"]
[EventCountry "LBN"]
[SourceTitle "EXT 2020"]
[Source "ChessBase"]
[SourceDate "2019.10.17"]
[SourceVersion "1"]
[SourceVersionDate "2019.10.17"]
[SourceQuality "1"]
[WhiteTeam "Baghdad"]
[BlackTeam "Bangalore"]
[WhiteTeamCountry "IRQ"]
[BlackTeamCountry "IND"]

1. e4 Nf6 2. e5 Nd5 3. d4 d6 4. Nf3 dxe5 5. Nxe5 c6 6. c4 Nb4 7. Be3 Bf5 8. Nd3 e5 9. Nxb4 Bxb4+ 10. Nc3 Qa5 11. Qb3 exd4 12. Bxd4 Na6 13. Be2 0-0-0 14. Be3 Nc5 15. Bxc5 Bxc5 16. Rd1 Rxd1+ 17. Qxd1 Rd8 18. Qc1 Bb4 19. 0-0 Bxc3 20. bxc3 Qxa2 21. Qf4 g6 22. Bg4 Bxg4 23. Qxg4+ f5 24. Qh4 Qe2 25. h3 Rd7 26. Ra1 a6 27. Qf4 Qe4 28. Qxe4 fxe4 29. Re1 Rd3 30. Rxe4 Rxc3 31. f4 b5 32. cxb5 cxb5 33. g4 Rxh3 34. Kg2 Rc3 35. f5 gxf5 36. gxf5 Rc5 37. f6 Rf5 38. Re6 a5 39. Ra6 a4 40. Kg3 Kb7 41. Kg4 Rf1 42. Re6 a3 0-1

[Event "Asia Cities-ch 16th"]
[Site "Beirut"]
[Date "2009.04.16"]
[Round "1.2"]
[White "Pourkashiyan, Atousa"]
[Black "Obada, Ahmad Azeezjawad"]
[Result "1/2-1/2"]
[WhiteElo "2273"]
[BlackElo "2379"]
[PlyCount "133"]
[EventDate "2009.04.16"]
[EventType "team-swiss"]
[EventRounds "9"]
[EventCountry "LBN"]
[SourceTitle "EXT 2020"]
[Source "ChessBase"]
[SourceDate "2019.10.17"]
[SourceVersion "1"]
[SourceVersionDate "2019.10.17"]
[SourceQuality "1"]
[WhiteTeam "Bandar Imam Khomeini"]
[BlackTeam "Baghdad"]
[WhiteTeamCountry "IRI"]
[BlackTeamCountry "IRQ"]

1. e4 c5 2. Nf3 d6 3. d4 cxd4 4. Nxd4 Nf6 5. Nc3 a6 6. Be2 e5 7. Nb3 Be7 8. 0-0 Be6 9. Be3 Nbd7 10. a4 Nb6 11. Nd2 Rc8 12. a5 Nbd7 13. Bf3 Qc7 14. Kh1 h5 15. Bg5 b5 16. axb6 Qxb6 17. Na4 Qb7 18. b3 g6 19. c4 Nb8 20. Be2 Nxe4 21. Bxe7 Kxe7 22. Bf3 d5 23. cxd5 Bxd5 24. Nxe4 Bxe4 25. Bxe4 Qxe4 26. Re1 Qf5 27. Qd5 Kf6 28. f4 Rhd8 29. fxe5+ Kg7 30. Qb7 Re8 31. e6 Rc2 32. h3 Nc6 33. exf7 Rxe1+ 34. Rxe1 Qf2 35. f8Q+ Kxf8 36. Rg1 Nd4 37. Nb6 Ne2 38. Nd7+ Kg8 39. Qd5+ Kh7 40. Ra1 Rd2 41. Nf8+ Kg7 42. Ne6+ Kf6 43. Qc6 Ng3+ 44. Kh2 Nf1+ 45. Rxf1 Qxf1 46. Nf4+ Ke5 47. Qc3+ Ke4 48. Qc6+ Ke3 49. Qe6+ Kf2 50. Qb6+ Ke1 51. Qe3+ Kd1 52. Qe5 Rf2 53. Qd5+ Kc2 54. Qe4+ Kxb3 55. Nd3 Rxg2+ 56. Qxg2 Qxd3 57. Qb7+ Kc2 58. Qc6+ Kd2 59. Qc5 Qe2+ 60. Kh1 Qe1+ 61. Kh2 Qe2+ 62. Kh1 Qd3 63. Kh2 Ke1 64. Qg1+ Ke2 65. Qg2+ Kd1 66. Qg1+ Kd2 67. Qc5 1/2-1/2

[Event "Amman tt"]
[Site "Amman"]
[Date "2008.06.23"]
[Round "3"]
[White "Mohammad, Samir"]
[Black "Obada, Ahmad Azeezjawad"]
[Result "1-0"]
[WhiteElo "2380"]
[BlackElo "2361"]
[PlyCount "76"]
[EventDate "2008.06.21"]
[EventType "team"]
[EventRounds "8"]
[EventCountry "JOR"]
[SourceTitle "CBM 125 Extra"]
[Source "ChessBase"]
[SourceDate "2008.09.01"]
[SourceVersion "1"]
[SourceVersionDate "2008.09.01"]
[SourceQuality "1"]

1. d4 Nf6 2. c4 g6 3. Nc3 Bg7 4. e4 d6 5. Nf3 0-0 6. Be2 Bg4 7. Be3 Nfd7 8. Ng1 Bxe2 9. Ngxe2 c5 10. 0-0 Nc6 11. d5 Na5 12. b3 a6 13. Rb1 Rb8 14. a4 b6 15. Qc2 Nb7 16. f4 e5 17. dxe6 fxe6 18. f5 exf5 19. exf5 Ne5 20. Nd5 Na5 21. Qe4 gxf5 22. Rxf5 Rxf5 23. Qxf5 b5 24. axb5 axb5 25. cxb5 Rxb5 26. Nef4 c4 27. Ne6 Qd7 28. Nxg7 Qxf5 29. Nxf5 Rxb3 30. Rf1 Rd3 31. Bh6 Kf7 32. Ng7+ Nf3+ 33. Rxf3+ Rxf3 34. gxf3 c3 35. Nxc3 Kg6 36. Bf4 Kxg7 37. Bxd6 Nc4 38. Bf4 Kg6 1-0